|
|
|
|
| LEADER |
01588nam a2200373 a 4500 |
| 001 |
000797878 |
| 003 |
CZ BrMZK |
| 005 |
20200429182216.0 |
| 007 |
ta |
| 008 |
051118s1940 xr af er 000 idcze c |
| 015 |
|
|
|a cnb000956763
|
| 040 |
|
|
|a ABA001
|b cze
|c LIA001
|d ABA001
|d BOA001
|
| 043 |
|
|
|a e-cs---
|
| 080 |
|
|
|a 929
|2 MRF
|
| 080 |
|
|
|a 796.034.2
|2 MRF
|
| 080 |
|
|
|a (437)
|2 MRF
|
| 080 |
|
|
|a (044)
|2 MRF
|
| 100 |
1 |
|
|a Tyrš, Miroslav,
|d 1832-1884
|7 jk01140585
|4 aut
|
| 245 |
1 |
0 |
|a Dopisy Dr. Miroslava Tyrše Ctiboru Helceletovi /
|c [z rodinného archivu Ph. Mr. Mojmíra Helceleta k tisku připravili Vladimír Groh, Ladislav Jandásek, Antonín Krejčí a Vladimír Zapletal]
|
| 260 |
|
|
|a V Praze :
|b Nakladatelství České obce sokolské,
|c [1940?]
|f (Orbis)
|
| 300 |
|
|
|a 51 s., [6] obr. příl. :
|b il. ;
|c 24 cm
|
| 500 |
|
|
|a Graficky upravil Eduard Milén
|
| 500 |
|
|
|a 1000 výt.
|
| 600 |
1 |
7 |
|a Tyrš, Miroslav,
|d 1832-1884
|7 jk01140585
|2 czenas
|
| 600 |
1 |
7 |
|a Helcelet, Ctibor,
|d 1844-1904
|7 jk01040633
|2 czenas
|
| 650 |
0 |
7 |
|a tělovýchova
|7 ph126838
|z Československo
|2 czenas
|
| 655 |
|
7 |
|a korespondence
|7 fd132681
|2 czenas
|
| 700 |
1 |
|
|a Groh, Vladimír,
|d 1895-1941
|7 jk01032712
|4 com
|
| 700 |
1 |
|
|a Jandásek, Ladislav,
|d 1887-1942
|7 jk01050867
|4 com
|
| 700 |
1 |
|
|a Krejčí, Antonín,
|d 1884-1955
|7 jk01063175
|4 com
|
| 910 |
|
|
|a BOA001
|b 2-1164.649
|b 2-0418.734
|
| 990 |
|
|
|a BK
|
| 996 |
6 |
|
|b 2610280044
|c 2-1164.649
|l MZK
|r Sklad / do 1 hodiny
|n 9
|p dar
|w 000797878
|u 000010
|a 1
|e BOA001
|j MZK50
|s P
|
| 996 |
6 |
|
|b 2619022348
|c 2-0418.734
|l MZK
|r Sklad / do 24 hodin
|n 0
|w 000797878
|u 000020
|a 1
|e BOA001
|j MZK50
|s P
|